[Event "Russian Blitz Championship (w)"]
[Site "Sochi"]
[Date "2022.10.14"]
[Round "5.4"]
[White "Pogonina, Natalija"]
[Black "Solozhenkina, Elizaveta"]
[Result "1-0"]
[BlackElo "2218"]
[WhiteElo "2332"]
[LiveChessVersion "1.4.8"]

1. d4 {[%clk 0:03:02]} Nf6 {[%clk 0:03:03]} 2. g3 {[%clk 0:03:02]} g6
{[%clk 0:03:04]} 3. Bg2 {[%clk 0:03:02]} d5 {[%clk 0:03:05]} 4. Nc3
{[%clk 0:03:01]} Bg7 {[%clk 0:03:05]} 5. Bf4 {[%clk 0:03:00]} O-O
{[%clk 0:02:30]} 6. Qd2 {[%clk 0:02:57]} Re8 {[%clk 0:02:22]} 7. Bh6
{[%clk 0:02:51]} Bh8 {[%clk 0:02:22]} 8. Nf3 {[%clk 0:02:44]} Nbd7
{[%clk 0:02:18]} 9. O-O {[%clk 0:02:38]} c5 {[%clk 0:02:05]} 10. e3
{[%clk 0:02:23]} a6 {[%clk 0:02:04]} 11. Rad1 {[%clk 0:02:21]} e6
{[%clk 0:01:52]} 12. Bg5 {[%clk 0:02:06]} Qc7 {[%clk 0:01:47]} 13. Bf4
{[%clk 0:02:03]} Qc6 {[%clk 0:01:44]} 14. Ne5 {[%clk 0:02:00]} Nxe5
{[%clk 0:01:35]} 15. Bxe5 {[%clk 0:02:01]} Bd7 {[%clk 0:00:28]} 16. Qe2
{[%clk 0:02:00]} cxd4 {[%clk 0:00:27]} 17. exd4 {[%clk 0:01:59]} b5
{[%clk 0:00:27]} 18. Qf3 {[%clk 0:01:53]} b4 {[%clk 0:00:22]} 19. Nb1
{[%clk 0:01:36]} Nh5 {[%clk 0:00:10]} 20. Bxh8 Kxh8 {[%clk 0:00:11]} 21. Qxf7
{[%clk 0:01:28]} a5 {[%clk 0:00:11]} 22. c3 {[%clk 0:01:13]} Rf8 {[%clk 0:00:12]}
23. Qe7 Rae8 24. Qg5 {[%clk 0:01:11]} Qd6 {[%clk 0:00:08]} 25. Nd2
{[%clk 0:00:55]} Rf5 {[%clk 0:00:07]} 26. Qe3 {[%clk 0:00:52]} Nf6
{[%clk 0:00:07]} 27. h3 {[%clk 0:00:48]} Rf8 {[%clk 0:00:08]} 28. c4
{[%clk 0:00:44]} Bc6 {[%clk 0:00:04]} 29. c5 {[%clk 0:00:43]} Qc7
{[%clk 0:00:05]} 30. Nf3 {[%clk 0:00:34]} Bb5 {[%clk 0:00:05]} 31. Rfe1
{[%clk 0:00:32]} Ne4 {[%clk 0:00:06]} 32. Rc1 {[%clk 0:00:26]} Qf7
{[%clk 0:00:06]} 33. Ne5 {[%clk 0:00:25]} Qf6 {[%clk 0:00:06]} 34. Ng4
{[%clk 0:00:19]} Qd8 {[%clk 0:00:07]} 35. Bxe4 {[%clk 0:00:17]} dxe4
{[%clk 0:00:08]} 36. Qxe4 {[%clk 0:00:17]} h5 {[%clk 0:00:09]} 37. Ne5
{[%clk 0:00:14]} Qg5 {[%clk 0:00:09]} 38. Rc2 {[%clk 0:00:10]} Kh7
{[%clk 0:00:05]} 39. h4 {[%clk 0:00:11]} Qf6 {[%clk 0:00:06]} 40. Qe3
{[%clk 0:00:10]} g5 {[%clk 0:00:03]} 41. hxg5 {[%clk 0:00:09]} Rxg5
{[%clk 0:00:04]} 42. c6 {[%clk 0:00:07]} h4 {[%clk 0:00:05]} 43. Kg2
{[%clk 0:00:06]} Qf5 {[%clk 0:00:04]} 44. Rd2 {[%clk 0:00:06]} h3+
{[%clk 0:00:05]} 45. Kh2 {[%clk 0:00:06]} Ba6 {[%clk 0:00:04]} 46. Rc1
{[%clk 0:00:06]} Rg7 {[%clk 0:00:04]} 47. c7 {[%clk 0:00:06]} Bc8
{[%clk 0:00:04]} 48. Rc5 {[%clk 0:00:06]} Qb1 {[%clk 0:00:04]} 49. Nf3
{[%clk 0:00:05]} Qf1 {[%clk 0:00:04]} 50. Nh4 {[%clk 0:00:05]} Kg8
{[%clk 0:00:04]} 51. Rg5 {[%clk 0:00:05]} Rff7 {[%clk 0:00:03]} 52. Rxg7+
{[%clk 0:00:06]} Rxg7 {[%clk 0:00:04]} 53. Qf4 {[%clk 0:00:06]} Bb7
{[%clk 0:00:05]} 54. d5 {[%clk 0:00:06]} exd5 {[%clk 0:00:05]} 55. Rxd5
{[%clk 0:00:05]} Rxc7 {[%clk 0:00:05]} 56. Rg5+ {[%clk 0:00:05]} Rg7
{[%clk 0:00:05]} 57. Rxg7+ {[%clk 0:00:05]} Kxg7 {[%clk 0:00:06]} 58. Qc7+
{[%clk 0:00:05]} Kh6 {[%clk 0:00:04]} 59. Qxb7 {[%clk 0:00:05]} Qxf2+
{[%clk 0:00:05]} 60. Kxh3 {[%clk 0:00:06]} Qxb2 {[%clk 0:00:04]} 61. Qb6+
{[%clk 0:00:07]} Kh7 {[%clk 0:00:05]} 62. Qxa5 {[%clk 0:00:07]} Qd4
{[%clk 0:00:06]} 63. Qc7+ {[%clk 0:00:08]} Kg8 {[%clk 0:00:05]} 64. Qf4
{[%clk 0:00:07]} Qd7+ {[%clk 0:00:05]} 65. Qg4+ {[%clk 0:00:08]} 1-0

[Event "Russian Blitz Championship (w)"]
[Site "Sochi"]
[Date "2022.10.14"]
[Round "5.5"]
[White "Gunina, Valentina"]
[Black "Styazhkina, Anna"]
[Result "1-0"]
[BlackElo "2121"]
[WhiteElo "2376"]
[LiveChessVersion "1.4.8"]

1. d4 {[%clk 0:03:02]} d5 {[%clk 0:03:03]} 2. c4 {[%clk 0:03:03]} c6
{[%clk 0:03:03]} 3. Nc3 {[%clk 0:03:03]} Nf6 {[%clk 0:03:04]} 4. e3
{[%clk 0:03:04]} Bf5 {[%clk 0:02:59]} 5. cxd5 {[%clk 0:03:04]} cxd5
{[%clk 0:02:58]} 6. Qb3 {[%clk 0:03:04]} Nc6 {[%clk 0:02:52]} 7. Qxb7
{[%clk 0:03:04]} Bd7 {[%clk 0:02:52]} 8. Qb3 {[%clk 0:03:04]} Rb8
{[%clk 0:02:48]} 9. Qd1 {[%clk 0:03:04]} e5 {[%clk 0:02:16]} 10. dxe5
{[%clk 0:02:56]} Nxe5 {[%clk 0:02:17]} 11. Be2 {[%clk 0:02:55]} Bd6
{[%clk 0:01:59]} 12. Nf3 {[%clk 0:02:55]} O-O {[%clk 0:01:28]} 13. Nd4
{[%clk 0:02:53]} Re8 {[%clk 0:01:16]} 14. O-O {[%clk 0:02:51]} Rb6
{[%clk 0:00:50]} 15. b3 {[%clk 0:02:44]} Bb8 {[%clk 0:00:44]} 16. Bb2
{[%clk 0:02:37]} Neg4 {[%clk 0:00:33]} 17. g3 {[%clk 0:02:29]} h5
{[%clk 0:00:25]} 18. Bf3 {[%clk 0:02:19]} h4 {[%clk 0:00:22]} 19. Nxd5
{[%clk 0:02:12]} Nxd5 {[%clk 0:00:21]} 20. Bxg4 {[%clk 0:02:05]} hxg3
{[%clk 0:00:18]} 21. hxg3 {[%clk 0:02:05]} Rg6 {[%clk 0:00:13]} 22. Nf5
{[%clk 0:01:52]} Nf6 {[%clk 0:00:09]} 23. Bh3 {[%clk 0:01:52]} Bxf5
{[%clk 0:00:08]} 24. Qxd8 {[%clk 0:01:50]} Rxd8 {[%clk 0:00:09]} 25. Bxf5
{[%clk 0:01:50]} Rg5 {[%clk 0:00:09]} 26. e4 {[%clk 0:01:44]} Bc7
{[%clk 0:00:07]} 27. Rad1 {[%clk 0:01:43]} Re8 {[%clk 0:00:08]} 28. Bxf6
{[%clk 0:01:37]} gxf6 {[%clk 0:00:09]} 29. Rd7 {[%clk 0:01:37]} Bb6
{[%clk 0:00:11]} 30. Kg2 {[%clk 0:01:38]} Rh5 {[%clk 0:00:05]} 31. b4
{[%clk 0:01:32]} Kg7 {[%clk 0:00:04]} 32. Rfd1 {[%clk 0:01:30]} Reh8
{[%clk 0:00:05]} 33. Kf3 {[%clk 0:01:27]} Rh2 {[%clk 0:00:05]} 34. R1d2
{[%clk 0:01:28]} Rh1 {[%clk 0:00:05]} 35. a4 {[%clk 0:01:29]} a5 {[%clk 0:00:03]}
36. Rb7 {[%clk 0:01:30]} Bd8 {[%clk 0:00:03]} 37. Rdd7 {[%clk 0:01:31]} 1-0

[Event "Russian Blitz Championship (w)"]
[Site "Sochi"]
[Date "2022.10.14"]
[Round "5.6"]
[White "Nur-Mukhametova, Alisa"]
[Black "Bodnaruk, Anastasia"]
[Result "0-1"]
[BlackElo "2332"]
[WhiteElo "2052"]
[LiveChessVersion "1.4.8"]

1. d4 {[%clk 0:03:02]} Nf6 {[%clk 0:03:04]} 2. c4 {[%clk 0:03:02]} g6
{[%clk 0:03:05]} 3. Nc3 {[%clk 0:03:02]} Bg7 {[%clk 0:03:06]} 4. Nf3
{[%clk 0:03:01]} O-O {[%clk 0:03:05]} 5. g3 {[%clk 0:03:01]} d6 {[%clk 0:03:02]}
6. Bg2 {[%clk 0:03:01]} Nc6 {[%clk 0:02:59]} 7. d5 {[%clk 0:02:52]} Na5
{[%clk 0:02:58]} 8. b3 {[%clk 0:02:53]} c5 {[%clk 0:02:47]} 9. Bd2
{[%clk 0:02:26]} a6 {[%clk 0:02:40]} 10. O-O {[%clk 0:01:41]} Rb8
{[%clk 0:02:39]} 11. e4 {[%clk 0:00:31]} b5 {[%clk 0:02:07]} 12. Qe2
{[%clk 0:00:15]} bxc4 {[%clk 0:01:59]} 13. bxc4 {[%clk 0:00:16]} Rb4
{[%clk 0:01:43]} 14. Nd1 {[%clk 0:00:14]} Ra4 {[%clk 0:01:24]} 15. Nb2
{[%clk 0:00:08]} Ra3 {[%clk 0:01:25]} 16. Rfb1 {[%clk 0:00:05]} Nd7
{[%clk 0:01:03]} 17. Ne1 {[%clk 0:00:04]} Nb3 {[%clk 0:00:32]} 18. axb3
{[%clk 0:00:04]} Rxa1 {[%clk 0:00:33]} 19. Rxa1 Bxb2 {[%clk 0:00:34]} 20. Rb1
{[%clk 0:00:04]} Bg7 {[%clk 0:00:34]} 21. Nd3 {[%clk 0:00:04]} e6
{[%clk 0:00:23]} 22. f4 exd5 {[%clk 0:00:23]} 23. cxd5 {[%clk 0:00:04]} Re8
{[%clk 0:00:19]} 24. Nf2 {[%clk 0:00:04]} f5 {[%clk 0:00:17]} 25. Qd3
{[%clk 0:00:04]} Nf6 {[%clk 0:00:15]} 26. Bc3 {[%clk 0:00:03]} Qb6
{[%clk 0:00:08]} 27. Qc4 {[%clk 0:00:04]} Bd7 {[%clk 0:00:08]} 28. exf5
{[%clk 0:00:04]} Bb5 {[%clk 0:00:08]} 29. Rd1 {[%clk 0:00:03]} Bxc4 30. bxc4
{[%clk 0:00:04]} Qb3 {[%clk 0:00:11]} 31. Rc1 {[%clk 0:00:04]} gxf5
{[%clk 0:00:11]} 32. Nh3 {[%clk 0:00:03]} Qxc4 {[%clk 0:00:10]} 33. Ng5
{[%clk 0:00:03]} Qe2 {[%clk 0:00:06]} 34. Re1 {[%clk 0:00:03]} Qxe1+
{[%clk 0:00:07]} 35. Bxe1 {[%clk 0:00:05]} Rxe1+ {[%clk 0:00:08]} 36. Kf2
{[%clk 0:00:06]} Rb1 {[%clk 0:00:09]} 37. Ne6 {[%clk 0:00:05]} Ng4+
{[%clk 0:00:10]} 38. Ke2 {[%clk 0:00:04]} Rb2+ {[%clk 0:00:11]} 0-1

[Event "Russian Blitz Championship (w)"]
[Site "Sochi"]
[Date "2022.10.14"]
[Round "5.7"]
[White "Guseva, Marina"]
[Black "Bogumil, Tatiana"]
[Result "1-0"]
[BlackElo "2082"]
[WhiteElo "2273"]
[LiveChessVersion "1.4.8"]

1. d4 {[%clk 0:03:02]} Nf6 {[%clk 0:03:03]} 2. c4 {[%clk 0:03:03]} c5
{[%clk 0:03:05]} 3. d5 b5 4. cxb5 a6 5. bxa6 {[%clk 0:03:06]} Bxa6
{[%clk 0:03:08]} 6. Nc3 {[%clk 0:03:07]} d6 {[%clk 0:03:09]} 7. e4
{[%clk 0:03:08]} Bxf1 {[%clk 0:03:09]} 8. Kxf1 {[%clk 0:03:09]} Nbd7
{[%clk 0:03:08]} 9. g3 {[%clk 0:03:09]} g6 {[%clk 0:03:09]} 10. Kg2
{[%clk 0:03:10]} Bg7 {[%clk 0:03:11]} 11. Nf3 {[%clk 0:03:11]} O-O
{[%clk 0:03:08]} 12. a4 {[%clk 0:03:11]} Qb6 {[%clk 0:03:04]} 13. Qc2
{[%clk 0:03:11]} Rfb8 {[%clk 0:03:04]} 14. Nb5 {[%clk 0:03:06]} Ne8
{[%clk 0:02:59]} 15. Nd2 {[%clk 0:03:04]} Qa6 {[%clk 0:02:51]} 16. Ra3
{[%clk 0:02:50]} Rb7 {[%clk 0:02:48]} 17. Nc4 {[%clk 0:02:32]} Nc7
{[%clk 0:02:39]} 18. Nxc7 {[%clk 0:02:29]} Rxc7 {[%clk 0:02:41]} 19. Bd2
{[%clk 0:01:53]} Rb7 {[%clk 0:01:39]} 20. b3 {[%clk 0:01:50]} Ne5
{[%clk 0:01:24]} 21. Nxe5 {[%clk 0:01:39]} Bxe5 {[%clk 0:01:24]} 22. a5
{[%clk 0:01:34]} Qe2 {[%clk 0:01:02]} 23. Re1 {[%clk 0:01:33]} Qb5
{[%clk 0:01:01]} 24. h4 {[%clk 0:01:25]} h5 {[%clk 0:00:58]} 25. Re3
{[%clk 0:01:09]} Bd4 {[%clk 0:00:54]} 26. Rd3 {[%clk 0:01:04]} Qd7
{[%clk 0:00:45]} 27. Ra4 {[%clk 0:00:58]} f5 {[%clk 0:00:26]} 28. Rf3
{[%clk 0:00:50]} Rf8 {[%clk 0:00:19]} 29. exf5 {[%clk 0:00:43]} Rxf5
{[%clk 0:00:16]} 30. Rxf5 {[%clk 0:00:43]} gxf5 {[%clk 0:00:05]} 31. a6
{[%clk 0:00:41]} Ra7 {[%clk 0:00:05]} 32. Qd3 {[%clk 0:00:41]} Kf7
{[%clk 0:00:03]} 33. Be3 {[%clk 0:00:38]} Bf6 1-0

[Event "Russian Blitz Championship (w)"]
[Site "Sochi"]
[Date "2022.10.14"]
[Round "5.8"]
[White "Diakonova, Ekaterina"]
[Black "Garifullina, Leya"]
[Result "1-0"]
[BlackElo "2267"]
[WhiteElo "1987"]
[LiveChessVersion "1.4.8"]

1. e4 {[%clk 0:03:03]} c5 {[%clk 0:03:03]} 2. Nf3 d6 3. d4 {[%clk 0:03:05]} cxd4
{[%clk 0:03:06]} 4. Qxd4 {[%clk 0:03:06]} Nf6 {[%clk 0:03:06]} 5. h3
{[%clk 0:03:02]} Nc6 {[%clk 0:02:59]} 6. Bb5 {[%clk 0:03:01]} Bd7
{[%clk 0:02:59]} 7. Qd3 {[%clk 0:03:00]} g6 {[%clk 0:02:51]} 8. c4
{[%clk 0:02:58]} Bg7 {[%clk 0:02:51]} 9. Nc3 {[%clk 0:02:59]} O-O
{[%clk 0:02:51]} 10. O-O {[%clk 0:02:58]} a6 {[%clk 0:02:46]} 11. Bxc6
{[%clk 0:02:56]} bxc6 {[%clk 0:02:43]} 12. e5 {[%clk 0:02:39]} Ne8
{[%clk 0:02:35]} 13. Rd1 {[%clk 0:02:30]} Qa5 {[%clk 0:02:27]} 14. exd6
{[%clk 0:02:11]} Nxd6 {[%clk 0:02:23]} 15. Bd2 {[%clk 0:02:03]} Qf5
{[%clk 0:01:53]} 16. Qe2 {[%clk 0:02:02]} Qe6 {[%clk 0:01:40]} 17. Qxe6
{[%clk 0:01:36]} Bxe6 {[%clk 0:01:40]} 18. b3 {[%clk 0:01:36]} Bf5
{[%clk 0:01:32]} 19. Rac1 {[%clk 0:01:37]} h5 {[%clk 0:01:29]} 20. Be3
{[%clk 0:01:36]} Rfe8 {[%clk 0:01:14]} 21. Nd4 {[%clk 0:01:36]} Bd7
{[%clk 0:01:15]} 22. Na4 {[%clk 0:01:38]} Rab8 {[%clk 0:00:13]} 23. Nc5
{[%clk 0:01:37]} Bc8 {[%clk 0:00:14]} 24. Nxc6 {[%clk 0:01:38]} Ra8
{[%clk 0:00:15]} 25. Nxe7+ {[%clk 0:01:36]} Rxe7 {[%clk 0:00:15]} 26. Rxd6
{[%clk 0:01:36]} Rc7 {[%clk 0:00:11]} 27. Rd8+ {[%clk 0:01:25]} Kh7
{[%clk 0:00:12]} 28. b4 {[%clk 0:01:20]} Bf6 {[%clk 0:00:13]} 29. Re8
{[%clk 0:01:18]} a5 {[%clk 0:00:10]} 30. b5 {[%clk 0:01:19]} Be7 {[%clk 0:00:11]}
31. Nd3 {[%clk 0:01:04]} Rb8 {[%clk 0:00:08]} 32. a4 {[%clk 0:01:05]} Ba3
{[%clk 0:00:07]} 33. Rc3 {[%clk 0:01:04]} Be7 {[%clk 0:00:08]} 34. Bf4
{[%clk 0:01:05]} Rbb7 {[%clk 0:00:07]} 35. Bxc7 {[%clk 0:01:04]} Rxc7
{[%clk 0:00:08]} 36. b6 {[%clk 0:01:06]} Rd7 {[%clk 0:00:05]} 37. Rxc8
{[%clk 0:01:06]} Bf6 {[%clk 0:00:04]} 38. Rb3 {[%clk 0:01:07]} Re7
{[%clk 0:00:05]} 39. Kf1 {[%clk 0:01:08]} Re4 {[%clk 0:00:06]} 40. b7
{[%clk 0:01:08]} Be5 {[%clk 0:00:06]} 41. Nxe5 {[%clk 0:01:08]} Rf4 1-0

[Event "Russian Blitz Championship (w)"]
[Site "Sochi"]
[Date "2022.10.14"]
[Round "6.1"]
[White "Voit, Daria"]
[Black "Potapova, Margarita"]
[Result "1-0"]
[BlackElo "2150"]
[WhiteElo "2247"]
[LiveChessVersion "1.4.8"]

1. d4 {[%clk 0:03:03]} Nf6 {[%clk 0:03:03]} 2. c4 {[%clk 0:03:04]} e6
{[%clk 0:03:04]} 3. Nf3 {[%clk 0:03:05]} d5 {[%clk 0:03:06]} 4. g3
{[%clk 0:03:06]} dxc4 {[%clk 0:03:07]} 5. Bg2 {[%clk 0:03:06]} Nc6
{[%clk 0:03:08]} 6. Qa4 {[%clk 0:03:06]} Bb4+ {[%clk 0:03:09]} 7. Bd2
{[%clk 0:03:07]} Nd5 {[%clk 0:03:10]} 8. Bxb4 {[%clk 0:03:04]} Ndxb4
{[%clk 0:03:12]} 9. O-O {[%clk 0:03:04]} Rb8 {[%clk 0:03:13]} 10. Ne5
{[%clk 0:02:37]} Qxd4 {[%clk 0:03:02]} 11. Nxc6 {[%clk 0:02:22]} Nxc6
{[%clk 0:02:50]} 12. Rd1 {[%clk 0:02:01]} Qc5 {[%clk 0:02:29]} 13. Bxc6+
{[%clk 0:01:29]} bxc6 {[%clk 0:02:09]} 14. Na3 {[%clk 0:01:24]} Rb4
{[%clk 0:02:04]} 15. Qc2 {[%clk 0:01:16]} O-O {[%clk 0:02:04]} 16. Rac1
{[%clk 0:01:10]} Ba6 {[%clk 0:02:04]} 17. Qc3 {[%clk 0:01:09]} Qb6
{[%clk 0:01:47]} 18. Rc2 {[%clk 0:01:07]} h6 {[%clk 0:01:47]} 19. Rd7
{[%clk 0:01:02]} Bc8 {[%clk 0:01:44]} 20. Rd4 {[%clk 0:01:01]} Ba6
{[%clk 0:01:25]} 21. Rg4 {[%clk 0:00:35]} f6 {[%clk 0:01:17]} 22. Nxc4
{[%clk 0:00:21]} Qc5 {[%clk 0:00:59]} 23. a3 {[%clk 0:00:10]} Rbb8
{[%clk 0:01:00]} 24. b4 {[%clk 0:00:05]} Qe7 {[%clk 0:00:42]} 25. Na5
{[%clk 0:00:06]} Bb5 {[%clk 0:00:41]} 26. Nxc6 {[%clk 0:00:07]} Bxc6
{[%clk 0:00:42]} 27. Qxc6 {[%clk 0:00:08]} Rfc8 {[%clk 0:00:32]} 28. Rd4
{[%clk 0:00:09]} Rb6 {[%clk 0:00:29]} 29. Qd7 {[%clk 0:00:08]} Qxd7
{[%clk 0:00:24]} 30. Rxd7 {[%clk 0:00:09]} Kf8 {[%clk 0:00:17]} 31. Rdxc7
{[%clk 0:00:09]} Rxc7 {[%clk 0:00:15]} 32. Rxc7 {[%clk 0:00:10]} Ra6
{[%clk 0:00:16]} 33. Rc3 {[%clk 0:00:11]} Ke7 {[%clk 0:00:17]} 34. Kf1
{[%clk 0:00:11]} Kd6 {[%clk 0:00:18]} 35. e3 {[%clk 0:00:13]} Kd5
{[%clk 0:00:19]} 36. Ke2 {[%clk 0:00:14]} g5 {[%clk 0:00:19]} 37. f3
{[%clk 0:00:15]} f5 {[%clk 0:00:19]} 38. Kd3 {[%clk 0:00:16]} Rd6
{[%clk 0:00:17]} 39. Rc5# {[%clk 0:00:17]} 1-0

[Event "Russian Blitz Championship (w)"]
[Site "Sochi"]
[Date "2022.10.14"]
[Round "6.2"]
[White "Gunina, Valentina"]
[Black "Pogonina, Natalija"]
[Result "1-0"]
[BlackElo "2332"]
[WhiteElo "2376"]
[LiveChessVersion "1.4.8"]

1. d4 {[%clk 0:03:02]} Nf6 {[%clk 0:03:03]} 2. c4 {[%clk 0:03:03]} e6
{[%clk 0:03:03]} 3. Nf3 {[%clk 0:03:03]} d5 {[%clk 0:03:04]} 4. Nc3
{[%clk 0:03:04]} h6 {[%clk 0:03:04]} 5. b3 {[%clk 0:03:00]} Bd6 {[%clk 0:02:56]}
6. Qc2 {[%clk 0:02:53]} O-O {[%clk 0:02:52]} 7. c5 {[%clk 0:02:51]} Be7
{[%clk 0:02:52]} 8. g4 {[%clk 0:02:51]} b6 {[%clk 0:02:18]} 9. g5
{[%clk 0:02:30]} hxg5 {[%clk 0:02:17]} 10. Bxg5 {[%clk 0:02:30]} Nc6
{[%clk 0:01:56]} 11. Rg1 {[%clk 0:02:22]} Re8 {[%clk 0:01:21]} 12. e3
{[%clk 0:02:17]} Bd7 {[%clk 0:00:56]} 13. Bb5 {[%clk 0:01:55]} Nb4
{[%clk 0:00:50]} 14. Qe2 {[%clk 0:01:56]} Bxb5 {[%clk 0:00:47]} 15. Nxb5
{[%clk 0:01:53]} Nc6 {[%clk 0:00:37]} 16. Rc1 {[%clk 0:01:49]} bxc5
{[%clk 0:00:36]} 17. Bxf6 {[%clk 0:01:44]} Bxf6 {[%clk 0:00:36]} 18. Rxc5
{[%clk 0:01:44]} a6 {[%clk 0:00:33]} 19. Nc3 {[%clk 0:01:02]} Qd7
{[%clk 0:00:33]} 20. Ng5 {[%clk 0:00:49]} Bxg5 {[%clk 0:00:29]} 21. Rxg5
{[%clk 0:00:49]} Ne7 {[%clk 0:00:25]} 22. Qc2 {[%clk 0:00:29]} c6
{[%clk 0:00:23]} 23. Ne2 {[%clk 0:00:29]} Rac8 {[%clk 0:00:17]} 24. Ng3
{[%clk 0:00:29]} f6 {[%clk 0:00:11]} 25. Rh5 {[%clk 0:00:30]} Kf7
{[%clk 0:00:12]} 26. Qe2 {[%clk 0:00:27]} Qb7 {[%clk 0:00:10]} 27. Rh7
{[%clk 0:00:26]} Rg8 {[%clk 0:00:08]} 28. Qg4 {[%clk 0:00:19]} Qd7
{[%clk 0:00:06]} 29. Nh5 {[%clk 0:00:19]} Nf5 {[%clk 0:00:06]} 30. Nf4
{[%clk 0:00:14]} Ne7 {[%clk 0:00:05]} 31. h4 {[%clk 0:00:13]} Rc7
{[%clk 0:00:05]} 32. Qh5+ {[%clk 0:00:11]} Kf8 {[%clk 0:00:06]} 33. Ke2
{[%clk 0:00:10]} Rc8 {[%clk 0:00:05]} 34. Rc1 {[%clk 0:00:11]} Rc7
{[%clk 0:00:04]} 35. Rg1 {[%clk 0:00:12]} c5 {[%clk 0:00:05]} 36. Qg4
{[%clk 0:00:11]} cxd4 {[%clk 0:00:06]} 37. Nxe6+ {[%clk 0:00:12]} 1-0

[Event "Russian Blitz Championship (w)"]
[Site "Sochi"]
[Date "2022.10.14"]
[Round "6.3"]
[White "Shuvalova, Polina"]
[Black "Kovanova, Baira"]
[Result "1/2-1/2"]
[BlackElo "2217"]
[WhiteElo "2392"]
[LiveChessVersion "1.4.8"]

1. d4 {[%clk 0:03:03]} d5 {[%clk 0:03:03]} 2. Nf3 {[%clk 0:03:04]} e6
{[%clk 0:03:03]} 3. Bf4 {[%clk 0:03:05]} Nf6 {[%clk 0:03:03]} 4. e3
{[%clk 0:03:06]} Bd6 {[%clk 0:03:03]} 5. Bxd6 {[%clk 0:03:07]} Qxd6
{[%clk 0:03:03]} 6. c4 {[%clk 0:03:08]} c6 {[%clk 0:02:45]} 7. Nc3
{[%clk 0:03:08]} O-O {[%clk 0:02:45]} 8. Rc1 {[%clk 0:03:07]} Nbd7
{[%clk 0:02:44]} 9. Bd3 {[%clk 0:03:08]} dxc4 {[%clk 0:02:38]} 10. Bxc4
{[%clk 0:03:08]} Qe7 {[%clk 0:02:34]} 11. O-O {[%clk 0:03:04]} e5
{[%clk 0:02:35]} 12. Re1 {[%clk 0:02:47]} h6 {[%clk 0:02:10]} 13. Qc2
{[%clk 0:02:47]} e4 {[%clk 0:02:05]} 14. Nd2 {[%clk 0:02:45]} Re8
{[%clk 0:02:00]} 15. a3 {[%clk 0:02:36]} Nb6 {[%clk 0:01:47]} 16. Bf1
{[%clk 0:02:32]} Bf5 {[%clk 0:01:44]} 17. b4 {[%clk 0:02:29]} Rac8
{[%clk 0:01:38]} 18. Na4 {[%clk 0:02:23]} Nbd5 {[%clk 0:01:35]} 19. Nc5
{[%clk 0:02:21]} h5 {[%clk 0:01:13]} 20. h3 {[%clk 0:02:22]} h4 {[%clk 0:01:11]}
21. Nc4 {[%clk 0:02:11]} b6 {[%clk 0:01:03]} 22. Nb3 {[%clk 0:02:10]} Nd7
{[%clk 0:01:03]} 23. Qd1 {[%clk 0:01:53]} Qg5 {[%clk 0:00:59]} 24. Kh1
{[%clk 0:01:53]} Re6 {[%clk 0:00:57]} 25. Nbd2 {[%clk 0:01:36]} Rg6
{[%clk 0:00:55]} 26. f4 {[%clk 0:01:31]} Qg3 {[%clk 0:00:41]} 27. Qe2
{[%clk 0:01:26]} Re8 {[%clk 0:00:31]} 28. Ne5 {[%clk 0:01:25]} Nxe5
{[%clk 0:00:29]} 29. dxe5 {[%clk 0:01:25]} f6 {[%clk 0:00:16]} 30. Rc4
{[%clk 0:01:24]} fxe5 {[%clk 0:00:16]} 31. Nxe4 {[%clk 0:01:24]} Bxe4
{[%clk 0:00:16]} 32. Rxe4 {[%clk 0:01:25]} Rge6 {[%clk 0:00:14]} 33. Rxe5
{[%clk 0:00:30]} Rxe5 {[%clk 0:00:15]} 34. fxe5 {[%clk 0:00:31]} Rxe5
{[%clk 0:00:16]} 35. e4 {[%clk 0:00:31]} Nf6 {[%clk 0:00:12]} 36. Qc4+
{[%clk 0:00:25]} Kh8 {[%clk 0:00:13]} 37. Rd1 {[%clk 0:00:24]} Nxe4
{[%clk 0:00:11]} 38. Rd8+ {[%clk 0:00:19]} Kh7 {[%clk 0:00:12]} 39. Qg8+
{[%clk 0:00:07]} Kg6 {[%clk 0:00:13]} 40. Bd3 {[%clk 0:00:08]} Qe1+
{[%clk 0:00:13]} 41. Kh2 {[%clk 0:00:09]} Qg3+ {[%clk 0:00:14]} 42. Kh1
{[%clk 0:00:10]} Qe1+ {[%clk 0:00:15]} 43. Kh2 {[%clk 0:00:11]} Qg3+
{[%clk 0:00:16]} 1/2-1/2

[Event "Russian Blitz Championship (w)"]
[Site "Sochi"]
[Date "2022.10.14"]
[Round "6.4"]
[White "Bodnaruk, Anastasia"]
[Black "Tomilova, Elena"]
[Result "1-0"]
[BlackElo "2107"]
[WhiteElo "2332"]
[LiveChessVersion "1.4.8"]

1. e4 {[%clk 0:03:03]} d5 {[%clk 0:03:03]} 2. exd5 {[%clk 0:03:04]} Qxd5
{[%clk 0:03:05]} 3. Nc3 {[%clk 0:03:04]} Qd6 {[%clk 0:03:06]} 4. d4
{[%clk 0:03:03]} Nf6 {[%clk 0:03:07]} 5. Nf3 {[%clk 0:02:41]} g6 {[%clk 0:03:06]}
6. Be2 {[%clk 0:02:27]} Bg7 {[%clk 0:03:06]} 7. O-O {[%clk 0:02:27]} O-O
{[%clk 0:02:56]} 8. Nb5 {[%clk 0:02:24]} Qb6 {[%clk 0:02:54]} 9. c4
{[%clk 0:02:23]} c6 {[%clk 0:02:54]} 10. Nc3 {[%clk 0:02:15]} Bg4
{[%clk 0:02:53]} 11. c5 {[%clk 0:02:07]} Qc7 {[%clk 0:02:47]} 12. Ne5
{[%clk 0:01:59]} Bxe2 {[%clk 0:02:44]} 13. Qxe2 {[%clk 0:02:00]} Nbd7
{[%clk 0:02:38]} 14. f4 {[%clk 0:01:49]} b6 {[%clk 0:02:21]} 15. cxb6
{[%clk 0:01:45]} axb6 {[%clk 0:02:18]} 16. Be3 {[%clk 0:01:40]} c5
{[%clk 0:02:01]} 17. Rac1 {[%clk 0:01:33]} Qb7 {[%clk 0:01:53]} 18. Rfd1
{[%clk 0:01:19]} cxd4 {[%clk 0:01:39]} 19. Bxd4 {[%clk 0:01:21]} Nc5
{[%clk 0:01:38]} 20. b4 {[%clk 0:00:56]} Ne6 {[%clk 0:01:33]} 21. Be3
{[%clk 0:00:50]} Rfd8 {[%clk 0:01:14]} 22. b5 {[%clk 0:00:50]} Nc5
{[%clk 0:01:09]} 23. Nc6 {[%clk 0:00:45]} Rxd1+ {[%clk 0:00:59]} 24. Rxd1
{[%clk 0:00:46]} Re8 {[%clk 0:00:44]} 25. Bxc5 {[%clk 0:00:39]} bxc5
{[%clk 0:00:45]} 26. a4 {[%clk 0:00:41]} Nd7 {[%clk 0:00:32]} 27. Nd5
{[%clk 0:00:24]} e5 {[%clk 0:00:25]} 28. a5 {[%clk 0:00:19]} Nb8 {[%clk 0:00:18]}
29. a6 {[%clk 0:00:19]} Qc8 {[%clk 0:00:16]} 30. Nde7+ {[%clk 0:00:20]} 1-0